Ferrari F1 Quiz - Statistics

General Stats
  • This quiz has been taken 277 times
  • The average score is 6 of 8
Answer Stats
Question Answer % Correct
Who took 5 Drivers Championships consecutively from 2000-2004 with Ferrari? Michael Schumacher
92%
Ferrari won their 1st Drivers Championship in 1952 with who behind the wheel? Alberto Ascari
90%
After sustaining a severe injury at the Nürburgring in 1976, Niki Lauda remarkably came back to race 6 weeks later at Monza. What position did he finish the race in? 4th
71%
Charles Leclerc and Sebastian Vettel combined, only recorded 3 podiums during the 2020 F1 season. They managed to finish 2nd in the Constructors Championship in 2019, but managed what position by the conclusion of the 2020 season? 6th
68%
Who tragically lost their life in a Ferrari in 1982? Gilles Villeneuve
66%
With their iconic 'Sharknoses' in 1961, who managed to take the title from Lotus? Phil Hill
64%
An emotional win for Fernando Alonso at the 2012 European Grand Prix was at what circuit? Valencia
62%
Michael Schumacher had broken his leg during the 1999 British Grand Prix. His teammate, Eddie Irvine just failed to win the World Championship that year. Who replaced Michael for that season? Mika Salo
48%
No matching quizzes found
Score Distribution
Percent of People with Each Score
Percentile by Number Answered
Your Score History
You have not taken this quiz